| 000 | 00620nam a2200217Ia 4500 | ||
|---|---|---|---|
| 003 | 0100 | ||
| 008 | 130303s9999 xx 000 0 und d | ||
| 020 | _a691029555 | ||
| 040 | _cARRUPELIB | ||
| 050 | _aK5103.P8651995 | ||
| 245 | _aPunishment | ||
| 245 | _ba philosophy and public affairs reader | ||
| 260 | _aPrinceton | ||
| 260 | _bPrinceton University Press | ||
| 260 | _C1995 | ||
| 300 | _axii | ||
| 300 | _b 337 p. 24 cm | ||
| 440 | _aPhilosophy and public affairs reader | ||
| 700 | _aedited by A. John Simmons....(et al.) , Simmon, A. JohnCohen, MarshallCohen, JoshuaBeitz, Charles R | ||
| 942 | 0 | 0 | _01 |
| 999 |
_c12050 _d12050 |
||